[Event "C.to Provinciale BG"]
[Site "Bergamo ITA"]
[Date "2002.10.18"]
[Round "3"]
[White "Tentori, Giulio"]
[Black "Scarpellini, Felice"]
[Result "1-0"]
[WhiteElo "1570"]
[BlackElo "1660"]
[PlyCount "83"]
[EventDate "2002.10.04"]

1. e4 c5 2. Nc3 d6 3. g3 Nf6 4. Bg2 e6 5. d3 Be7 6. f4 Nc6 7. Nf3 a6 8. O-O O-O
9. h3 Qc7 10. Be3 b5 11. Nh2 b4 12. Ne2 Bb7 13. g4 Rac8 14. Ng3 Nd4 15. c3 bxc3
16. bxc3 Nb5 17. g5 Nd7 18. a4 Na7 19. Qh5 f5 20. Qe2 fxe4 21. dxe4 Nc6 22. Qg4
Nd8 23. f5 Ne5 24. Qh4 Rf7 25. Ng4 Nxg4 26. Qxg4 exf5 27. Nxf5 Bf8 28. g6 Rxf5
29. gxh7+ Kh8 30. Qxf5 Nc6 31. Rf4 Be7 32. Qh5 Qa5 33. Raf1 Qxc3 34. Bc1 Ne5
35. Qd1 Nd3 36. Rf7 Re8 37. Qh5 Qd4+ 38. Kh1 Bxe4 39. Bxe4 Qxe4+ 40. Qf3 Qxf3+
41. R1xf3 Nxc1 42. Re3 1-0

[Event "C.to Provinciale BG"]
[Site "Bergamo ITA"]
[Date "2002.10.18"]
[Round "3"]
[White "Testa, Luigi"]
[Black "Bertoletti, Vincenzo"]
[Result "1-0"]
[WhiteElo "1500"]
[BlackElo "1377"]
[PlyCount "81"]
[EventDate "2002.10.04"]

1. c4 c5 2. Nc3 Nc6 3. e4 g6 4. d3 Bg7 5. Bd2 e5 6. Nf3 d6 7. h3 Nf6 8. Be2 O-O
9. O-O Bd7 10. Qc1 Ne7 11. a3 Bc6 12. Rb1 Kh8 13. Nh2 Nfg8 14. f4 f5 15. Nd5
fxe4 16. dxe4 Nxd5 17. exd5 Bd7 18. fxe5 Bxe5 19. Nf3 Qe7 20. Nxe5 Qxe5 21. Bc3
Rae8 22. Rxf8 Rxf8 23. Bxe5+ dxe5 24. Qc3 Re8 25. Re1 Nh6 26. Bf3 Nf7 27. b4 b6
28. bxc5 bxc5 29. Qa5 Nd6 30. Qxc5 Nf5 31. Rxe5 Rc8 32. Qxa7 Rd8 33. Qc7 Re8
34. Rxe8+ Bxe8 35. Qe5+ Ng7 36. d6 Bd7 37. Bd5 h5 38. c5 Kh7 39. c6 Bf5 40. d7
Bxd7 41. cxd7 1-0

[Event "C.to Provinciale BG"]
[Site "Bergamo ITA"]
[Date "2002.10.25"]
[Round "4"]
[White "Asperti, Fabio"]
[Black "Savoldelli, Dario"]
[Result "1-0"]
[WhiteElo "1582"]
[BlackElo "1800"]
[PlyCount "96"]
[EventDate "2002.10.04"]

1. c4 Nf6 2. Nc3 g6 3. g3 Bg7 4. Bg2 O-O 5. e4 d6 6. Nge2 c5 7. O-O Nc6 8. d3
Bd7 9. h3 Qc8 10. Kh2 a6 11. Rb1 Rb8 12. Be3 e5 13. f4 b6 14. Qd2 Be6 15. Nd5
Bxd5 16. exd5 Nd4 17. fxe5 dxe5 18. Nxd4 cxd4 19. Bg5 Nd7 20. Be7 Re8 21. d6
Nc5 22. Bd5 Ne6 23. Qg2 Rxe7 24. dxe7 Qd7 25. Bxe6 Qxe6 26. Qe4 Qxe7 27. b4 Rf8
28. c5 bxc5 29. bxc5 Qg5 30. Rb2 h5 31. Rbf2 Kh7 32. h4 Qg4 33. c6 f5 34. Qf3
f4 35. Qxg4 hxg4 36. Rc1 Rc8 37. Rb2 Kh6 38. c7 fxg3+ 39. Kxg3 e4 40. dxe4 Be5+
41. Kxg4 d3 42. Rd2 Rxc7 43. Rxc7 Bxc7 44. Rxd3 a5 45. Rd5 Bb6 46. h5 gxh5+ 47.
Rxh5+ Kg6 48. Rf5 Bc7 1-0

[Event "C.to Provinciale BG"]
[Site "Bergamo ITA"]
[Date "2002.10.25"]
[Round "4"]
[White "Bertoletti, Vincenzo"]
[Black "Gualdi, Paolo"]
[Result "0-1"]
[WhiteElo "1377"]
[BlackElo "1413"]
[PlyCount "130"]
[EventDate "2002.10.04"]

1. d4 d5 2. Nc3 e6 3. e4 Bb4 4. e5 c5 5. Qg4 Ne7 6. Be3 Nf5 7. dxc5 Bxc3+ 8.
bxc3 O-O 9. Bd4 Qa5 10. Bd3 Nxd4 11. Qxd4 Nc6 12. Bxh7+ Kxh7 13. Qd3+ Kg8 14.
Nf3 Qd8 15. O-O f6 16. Rfe1 fxe5 17. Nxe5 Nxe5 18. Rxe5 Qf6 19. Re2 Bd7 20. Qg3
Rac8 21. Qe3 Qf4 22. Rb1 Qxe3 23. Rxe3 Rb8 24. f3 Rfc8 25. Kf2 Rxc5 26. Rb2 b6
27. g4 Rbc8 28. Rb3 Kf7 29. h4 Ba4 30. Ra3 b5 31. Kg3 R5c7 32. Kf4 Bxc2 33. Ke5
Re7 34. Ra6 g6 35. Ra3 Rh8 36. Re2 Ba4 37. Rh2 Bd1 38. Ra5 Bxf3 39. Rf2 Ke8 40.
Rxf3 Rxh4 41. Rxb5 Rhh7 42. g5 Rb7 43. a4 Rxb5 44. axb5 Rb7 45. Rf6 Rxb5 46.
Rxe6+ Kf7 47. Rf6+ Kg7 48. Ra6 d4+ 49. Kxd4 Rxg5 50. Rxa7+ Kf6 51. c4 Re5 52.
c5 Re7 53. Ra6+ Kf7 54. Kd5 g5 55. Ra1 Rd7+ 56. Kc6 Ke8 57. Rg1 Rg7 58. Kb6 Kd8
59. c6 Kc8 60. Rf1 Rg8 61. Kc5 g4 62. Ra1 Kb8 63. Kb6 Rg6 64. Re1 Rg8 65. Re7
g3 0-1

[Event "C.to Provinciale BG"]
[Site "Bergamo ITA"]
[Date "2002.10.25"]
[Round "4"]
[White "Canova, Luca"]
[Black "Elsido, Massimo"]
[Result "1-0"]
[WhiteElo "1785"]
[BlackElo "1585"]
[PlyCount "137"]
[EventDate "2002.10.04"]

1. e4 e5 2. Nf3 Nc6 3. Bb5 a6 4. Ba4 Nf6 5. O-O b5 6. Bb3 Be7 7. a4 Bb7 8. d3
O-O 9. Re1 d6 10. c3 Re8 11. Na3 h6 12. Bd2 Na7 13. axb5 axb5 14. c4 bxc4 15.
Nxc4 Nb5 16. Na5 Qc8 17. Rc1 c5 18. Nc4 Qc7 19. Ne3 Nd4 20. Nxd4 exd4 21. Nf5
Qd7 22. Qf3 Bf8 23. Nxh6+ gxh6 24. Qxf6 Bg7 25. Qh4 Ba6 26. Bxh6 Bxh6 27. Qxh6
Bxd3 28. Qg5+ Kf8 29. Bd5 Rac8 30. f4 Qb5 31. Qf6 Qd7 32. h4 Re6 33. Bxe6 Qxe6
34. Qxe6 fxe6 35. e5 d5 36. Red1 Be2 37. Rxd4 Bg4 38. Kf2 c4 39. Kg3 Bf5 40.
Rd2 Rb8 41. Rc3 Rb7 42. Kf2 Rh7 43. g3 Rb7 44. Kf3 Be4+ 45. Ke3 Kf7 46. Kd4 Kg6
47. Rxc4 dxc4 48. Kxe4 Rc7 49. Rd6 Kf7 50. g4 c3 51. bxc3 Rxc3 52. f5 Rc4+ 53.
Rd4 Rc7 54. h5 exf5+ 55. gxf5 Kg7 56. Kf4 Rc1 57. Rd7+ Kh6 58. f6 Rf1+ 59. Ke4
Re1+ 60. Kf5 Rf1+ 61. Ke6 Kxh5 62. Rh7+ Kg6 63. Rg7+ Kh6 64. Ke7 Rf5 65. e6 Ra5
66. Rg1 Ra7+ 67. Kf8 Ra8+ 68. Kf7 Ra7+ 69. e7 1-0

[Event "C.to Provinciale BG"]
[Site "Bergamo ITA"]
[Date "2002.10.25"]
[Round "4"]
[White "D'Angheo, Savino"]
[Black "Testa, Luigi"]
[Result "0-1"]
[WhiteElo "1500"]
[BlackElo "1500"]
[PlyCount "95"]
[EventDate "2002.10.04"]

1. d4 d5 2. c4 Nf6 3. Bf4 e6 4. e3 Bb4+ 5. Nc3 O-O 6. Bd3 c5 7. Nf3 Ne4 8. Qc2
cxd4 9. exd4 Bxc3+ 10. bxc3 Nf6 11. Bg5 h6 12. Bh4 Nbd7 13. O-O Qa5 14. cxd5
Nxd5 15. c4 Nb4 16. Qb3 Nxd3 17. Qxd3 b6 18. Rfb1 Ba6 19. Be7 Rfe8 20. Bb4 Qh5
21. Re1 Bb7 22. Ne5 Nf6 23. Re3 Ng4 24. Rh3 Nxe5 25. dxe5 Qxe5 26. Bc3 Qe4 27.
Qg3 Qg6 28. Rd1 Rad8 29. Re1 Qxg3 30. Rxg3 g5 31. h4 Kh7 32. hxg5 Rg8 33. Bf6
hxg5 34. Rxg5 Kh6 35. Rxg8 Rxg8 36. g3 Kg6 37. Bh4 Rc8 38. Rc1 b5 39. c5 Bd5
40. a3 f6 41. f4 Bc4 42. Kf2 Rxc5 43. Ke3 Rd5 44. Rc3 a6 45. g4 Rd1 46. Ke4 f5+
47. gxf5+ exf5+ 48. Ke5 0-1

[Event "C.to Provinciale BG"]
[Site "Bergamo ITA"]
[Date "2002.10.25"]
[Round "4"]
[White "Fiorona, Gianpietro"]
[Black "Elitropi, Giorgio"]
[Result "1/2-1/2"]
[WhiteElo "1585"]
[BlackElo "1671"]
[PlyCount "76"]
[EventDate "2002.10.04"]

1. e4 c5 2. c3 e6 3. d4 d5 4. Bd3 Nc6 5. Ne2 Nf6 6. e5 Nd7 7. Nd2 cxd4 8. cxd4
f6 9. Nf4 Nxd4 10. Qh5+ Ke7 11. exf6+ Nxf6 12. Ng6+ hxg6 13. Qxh8 Kf7 14. Qh4
e5 15. Nf3 Nxf3+ 16. gxf3 Bf5 17. Bxf5 gxf5 18. Bg5 Rc8 19. O-O Rc4 20. Bxf6
Qxf6 21. Qxf6+ Kxf6 22. Rfc1 Rc6 23. Kf1 Ke6 24. Ke2 d4 25. Rxc6+ bxc6 26. Rc1
Kd5 27. b3 e4 28. fxe4+ fxe4 29. Rg1 d3+ 30. Kd1 Bc5 31. Rg5+ Kd6 32. Rg2 Bd4
33. Ke1 Ke6 34. Rg6+ Bf6 35. Rg4 Kf5 36. h3 Be5 37. Kd1 g5 38. Ke1 Bf4 1/2-1/2

[Event "C.to Provinciale BG"]
[Site "Bergamo ITA"]
[Date "2002.10.25"]
[Round "4"]
[White "Gazzetta, Marco"]
[Black "Mora, Lorenzo"]
[Result "0-1"]
[WhiteElo "1540"]
[BlackElo "1636"]
[PlyCount "112"]
[EventDate "2002.10.04"]

1. e4 e5 2. Nf3 Nc6 3. d4 exd4 4. c3 dxc3 5. Bc4 Be7 6. Nxc3 d6 7. Qb3 Na5 8.
Bxf7+ Kf8 9. Qa4 Kxf7 10. Qxa5 Be6 11. Ng5+ Bxg5 12. Bxg5 Ne7 13. Nd5 Bxd5 14.
exd5 c5 15. Qxd8 Raxd8 16. O-O-O Rd7 17. Bxe7 Rxe7 18. Rhe1 Rhe8 19. Rxe7+ Rxe7
20. Rd2 Kf6 21. Kc2 Re4 22. g3 b5 23. b3 a5 24. f4 b4 25. Kd3 Rd4+ 26. Ke3 Rxd2
27. Kxd2 Kf5 28. Kd3 h6 29. h3 h5 30. Ke3 c4 31. bxc4 a4 32. Kd4 a3 33. c5
dxc5+ 34. Kc4 g6 35. Kb3 Kf6 36. Kc4 Ke7 37. Kb3 Kd7 38. Kc4 Kd6 39. g4 h4 40.
f5 gxf5 41. gxf5 Ke5 42. Kxc5 b3 43. d6 bxa2 44. d7 a1=Q 45. d8=Q Qc3+ 46. Kb5
Qb3+ 47. Kc6 Qc4+ 48. Kb6 Qd4+ 49. Qxd4+ Kxd4 50. f6 a2 51. f7 a1=Q 52. f8=Q
Qb2+ 53. Kc6 Qc3+ 54. Kb5 Qc4+ 55. Kb6 Qe6+ 56. Kc7 Qc4+ 0-1

[Event "C.to Provinciale BG"]
[Site "Bergamo ITA"]
[Date "2002.10.25"]
[Round "4"]
[White "Gozzini, Giambattista"]
[Black "Bassis, Ivano"]
[Result "0-1"]
[WhiteElo "1609"]
[BlackElo "1768"]
[PlyCount "64"]
[EventDate "2002.10.04"]

1. e4 d5 2. exd5 Nf6 3. Nc3 Nxd5 4. Nxd5 Qxd5 5. Qf3 Qe5+ 6. Qe3 Qxe3+ 7. dxe3
Nc6 8. Bd2 Bd7 9. Nf3 O-O-O 10. Bb5 f6 11. O-O-O e5 12. Bc3 Bd6 13. Rd2 a6 14.
Be2 Ne7 15. h3 h5 16. Rhd1 Bc6 17. Bc4 Bd7 18. a3 g5 19. Nh2 g4 20. h4 Nf5 21.
g3 Bc5 22. Nf1 Nd6 23. Be2 Ne4 24. Rd5 Nxc3 25. bxc3 Bxa3+ 26. Kb1 Bd6 27. Kb2
Be6 28. Ra5 Be7 29. Rda1 Rd6 30. Nd2 Rhd8 31. Bd3 f5 32. Nc4 Bxc4 0-1

[Event "C.to Provinciale BG"]
[Site "Bergamo ITA"]
[Date "2002.10.25"]
[Round "4"]
[White "Mazzotti, Federico"]
[Black "Mora, Aldo"]
[Result "1-0"]
[WhiteElo "1752"]
[BlackElo "1398"]
[PlyCount "107"]
[EventDate "2002.10.04"]

1. e4 e5 2. Nf3 Nc6 3. Bc4 h6 4. O-O d6 5. h3 Nf6 6. d4 a6 7. dxe5 Nxe5 8. Nxe5
dxe5 9. Bxf7+ Ke7 10. Qxd8+ Kxd8 11. Bg6 Bd6 12. Be3 Ke7 13. Nd2 Be6 14. b3 Bf7
15. Bxf7 Kxf7 16. Nc4 Rad8 17. f4 Ke6 18. Nxd6 cxd6 19. f5+ Kf7 20. Rae1 Rhe8
21. Bc1 Rc8 22. c4 Rc6 23. g4 Kg8 24. Ba3 Rec8 25. Rf2 Ne8 26. Rd2 b5 27. cxb5
axb5 28. Rd5 Ra8 29. Bc1 Rxa2 30. Rxb5 Rcc2 31. Be3 Rg2+ 32. Kf1 Rh2 33. Rb8
Rh1+ 34. Bg1 Kf8 35. b4 Rxh3 36. Re2 Raa3 37. Rb2 Rhf3+ 38. Bf2 Rf4 39. b5 Ra1+
40. Kg2 Rxg4+ 41. Bg3 Ra3 42. b6 Rgxg3+ 43. Kf2 Raf3+ 44. Ke1 Re3+ 45. Kd1 Rd3+
46. Kc2 Rc3+ 47. Kb1 Rb3 48. b7 Rg1+ 49. Ka2 Rxb2+ 50. Kxb2 Rg2+ 51. Kc3 Rg3+
52. Kc4 Rg1 53. Rxe8+ Kxe8 54. b8=Q+ 1-0

[Event "C.to Provinciale BG"]
[Site "Bergamo ITA"]
[Date "2002.10.25"]
[Round "4"]
[White "Molteni, Costantino"]
[Black "Biava, Pierluigi"]
[Result "1/2-1/2"]
[WhiteElo "1603"]
[BlackElo "1606"]
[PlyCount "86"]
[EventDate "2002.10.04"]

1. Nf3 Nf6 2. c4 d6 3. d4 h6 4. g3 c6 5. Nc3 Bf5 6. Bg2 Nbd7 7. Nh4 Bh7 8. e4
e5 9. d5 Nc5 10. Qe2 a5 11. O-O Qd7 12. f4 exf4 13. Rxf4 Qe7 14. Nf5 Qe5 15.
Be3 O-O-O 16. Bd4 Qe8 17. Nxg7 Bxg7 18. Bxf6 Bxf6 19. Rxf6 Bg6 20. Qf3 Qe5 21.
Rd1 Rhe8 22. dxc6 bxc6 23. Qf4 Kc7 24. Qxe5 Rxe5 25. Kf2 a4 26. Ke3 Ne6 27.
Nxa4 d5 28. cxd5 cxd5 29. Rc1+ Kd6 30. Rd1 Ke7 31. Rff1 Bxe4 32. Kf2 Bc2 33.
Rxd5 Rdxd5 34. Bxd5 Bxa4 35. Bxe6 Kxe6 36. Re1 Bc6 37. Rxe5+ Kxe5 38. Ke3 f5
39. b4 Ba4 40. h3 h5 41. h4 Bb5 42. a3 Ba4 43. Kf3 Bb5 1/2-1/2

[Event "C.to Provinciale BG"]
[Site "Bergamo ITA"]
[Date "2002.10.25"]
[Round "4"]
[White "Mora, Paolo"]
[Black "Rota, Simone"]
[Result "1-0"]
[WhiteElo "2056"]
[BlackElo "1737"]
[PlyCount "61"]
[EventDate "2002.10.04"]

1. e4 c5 2. Nc3 d6 3. d3 Nc6 4. g3 g6 5. Bg2 Bg7 6. Be3 e6 7. Qd2 Nge7 8. Bh6
O-O 9. h4 Nd4 10. O-O-O Kh8 11. Bxg7+ Kxg7 12. h5 Ng8 13. f4 e5 14. hxg6 fxg6
15. Nf3 Nxf3 16. Bxf3 Be6 17. Rh2 g5 18. Rdh1 h6 19. f5 Bf7 20. Bh5 Rc8 21.
Bxf7 Rxf7 22. Nd5 c4 23. Kb1 Rc5 24. g4 cxd3 25. cxd3 Qd7 26. Rxh6 Nxh6 27.
Qxg5+ Kf8 28. Qxh6+ Ke8 29. Qh8+ Rf8 30. Nf6+ Ke7 31. Rh7+ 1-0

[Event "C.to Provinciale BG"]
[Site "Bergamo ITA"]
[Date "2002.10.25"]
[Round "4"]
[White "Nasoni, Paolo"]
[Black "Cammarota, Vittorio"]
[Result "1-0"]
[WhiteElo "1741"]
[BlackElo "1687"]
[PlyCount "91"]
[EventDate "2002.10.04"]

1. e4 c5 2. Nf3 Nc6 3. d4 cxd4 4. Nxd4 Qb6 5. Nb5 a6 6. Be3 Qa5+ 7. N5c3 Nf6 8.
Nd2 b5 9. a4 b4 10. Nc4 Qc7 11. Nd5 Nxd5 12. exd5 Nd8 13. Bb6 Qf4 14. g3 Qe4+
15. Qe2 Qxe2+ 16. Bxe2 Nb7 17. a5 d6 18. Ra4 Bf5 19. Ne3 Be4 20. f3 Bg6 21.
Rxb4 e6 22. Kf2 Be7 23. Bd4 e5 24. Bxe5 dxe5 25. Rxb7 Bc5 26. c3 O-O 27. b4 Bd6
28. Rb6 Bc7 29. Rc6 Bb8 30. Bxa6 f5 31. Bb7 Ra7 32. a6 f4 33. gxf4 exf4 34. Nc4
Bf7 35. Nb6 Be8 36. Rc8 Bd6 37. Re1 Bb5 38. Rxf8+ Kxf8 39. Nc8 Bb8 40. Nxa7
Bxa7+ 41. Kg2 h5 42. h4 Kf7 43. Re4 Be3 44. c4 Bd7 45. c5 Bf5 46. a7 1-0

[Event "C.to Provinciale BG"]
[Site "Bergamo ITA"]
[Date "2002.10.25"]
[Round "4"]
[White "Scarpellini, Felice"]
[Black "Impellizzeri, Francesco"]
[Result "1-0"]
[WhiteElo "1660"]
[BlackElo "1501"]
[PlyCount "73"]
[EventDate "2002.10.04"]

1. c4 e5 2. Nc3 Nc6 3. g3 g6 4. Bg2 Bg7 5. Nf3 Nge7 6. O-O O-O 7. Rb1 d6 8. b4
Kh8 9. b5 Nb8 10. Qb3 Nd7 11. Ba3 h6 12. e4 g5 13. Nd5 f5 14. Nxe7 Qxe7 15.
exf5 Rxf5 16. Rbe1 Qf7 17. Re3 Nb6 18. d3 Be6 19. Nd2 Rf8 20. Rf3 Qh5 21. Qd1
Qg6 22. Rxf5 Bxf5 23. Be4 g4 24. Qe2 h5 25. Bxf5 Qxf5 26. Qe4 Bh6 27. Qxf5 Rxf5
28. Ne4 Rf3 29. Rd1 Nxc4 30. Bc1 Bxc1 31. Rxc1 Nb2 32. Rxc7 Nxd3 33. Rd7 Nb4
34. Rxd6 Kg7 35. Rd7+ Rf7 36. Rd2 a5 37. a3 1-0

[Event "C.to Provinciale BG"]
[Site "Bergamo ITA"]
[Date "2002.10.25"]
[Round "4"]
[White "Spreafico, Fabrizio"]
[Black "Sala, Giovanni"]
[Result "1/2-1/2"]
[WhiteElo "1744"]
[BlackElo "1600"]
[PlyCount "92"]
[EventDate "2002.10.04"]

1. d4 d5 2. Bg5 h6 3. Bh4 Nf6 4. Bxf6 exf6 5. e3 Bf5 6. c4 Bxb1 7. Rxb1 Bb4+ 8.
Ke2 dxc4 9. Qa4+ Nc6 10. a3 Be7 11. Qxc4 O-O 12. g3 Re8 13. Bg2 Bf8 14. Bxc6
bxc6 15. Qxc6 Qxd4 16. Nf3 Qd6 17. Rhc1 Qxc6 18. Rxc6 Bd6 19. Nd4 Rab8 20. b4
Rb6 21. Rbc1 Reb8 22. f4 g6 23. Kd3 Kf8 24. Nb3 Rxc6 25. Rxc6 Rb6 26. Na5 Ke8
27. Kd4 Kd7 28. Rc3 f5 29. Nc4 Rc6 30. Kd5 Ra6 31. b5 Ra4 32. Rd3 Ke7 33. Nxd6
cxd6 34. Kc6 Ra5 35. Rxd6 Rxa3 36. Rd5 h5 37. Kb7 Ra5 38. Rc5 Kd6 39. Rc6+ Kd5
40. Rf6 Rxb5+ 41. Kxa7 Rb2 42. Rxf7 Rxh2 43. Rg7 Ke4 44. Rxg6 Kxe3 45. Rg5 Kf3
46. Kb6 Rh3 1/2-1/2

[Event "C.to Provinciale BG"]
[Site "Bergamo ITA"]
[Date "2002.10.25"]
[Round "4"]
[White "Stefanelli, Alfredo"]
[Black "Mangili, Riccardo"]
[Result "0-1"]
[WhiteElo "1756"]
[BlackElo "1536"]
[PlyCount "80"]
[EventDate "2002.10.04"]

1. d4 Nf6 2. c4 c5 3. d5 b5 4. cxb5 a6 5. bxa6 Bxa6 6. g3 g6 7. Bg2 d6 8. Nf3
Bg7 9. Nc3 O-O 10. O-O Nbd7 11. Re1 Qb6 12. e4 Ng4 13. a4 c4 14. Qe2 Nc5 15. h3
Nf6 16. e5 dxe5 17. Nxe5 Nd3 18. a5 Qd6 19. Nxd3 cxd3 20. Qe3 Nd7 21. Qxe7 Qxe7
22. Rxe7 Nc5 23. Ra3 Rab8 24. Nd1 Rfc8 25. Bf4 Bxb2 26. Ra2 Bf6 27. Bxb8 Bxe7
28. Bf4 Nb3 29. d6 Bd8 30. Rb2 Nc5 31. Be3 Kf8 32. h4 h5 33. Bf3 f6 34. Bxc5
Rxc5 35. Rb8 Rc8 36. Rxc8 Bxc8 37. Bc6 Ba6 38. Ne3 d2 39. Bf3 Bxa5 40. Nc2 Bb7
0-1

[Event "C.to Provinciale BG"]
[Site "Bergamo ITA"]
[Date "2002.10.25"]
[Round "4"]
[White "Tentori, Giulio"]
[Black "Riggio, Mauro"]
[Result "1-0"]
[WhiteElo "1570"]
[BlackElo "1717"]
[PlyCount "117"]
[EventDate "2002.10.04"]

1. e4 e5 2. Nf3 Nc6 3. Bc4 Nf6 4. Qe2 Be7 5. c3 d5 6. exd5 Nxd5 7. Nxe5 Na5 8.
Bb5+ c6 9. Ba4 Qd6 10. d4 O-O 11. O-O Bf5 12. Bc2 Bxc2 13. Qxc2 c5 14. Be3 f5
15. Qd3 f4 16. Bd2 cxd4 17. cxd4 Nc6 18. Nf3 Rac8 19. Nc3 Ndb4 20. Qe4 Rce8 21.
Nb5 Qd7 22. Bc3 a6 23. Na3 Bd8 24. Qb1 Qd5 25. Qd1 Nxa2 26. Qd2 b5 27. Nc2 a5
28. Qd3 Bb6 29. Bd2 b4 30. b3 Nc3 31. Bxc3 bxc3 32. Qxc3 Kh8 33. Rfe1 Rc8 34.
Qd3 Rfd8 35. Rad1 Nb4 36. Nxb4 axb4 37. Re5 Qd6 38. Ng5 Qg6 39. Qxg6 hxg6 40.
Nf7+ Kh7 41. Nxd8 Rxd8 42. d5 Bc7 43. Re6 Bd6 44. Rc1 g5 45. Kf1 f3 46. g3 Kg8
47. Ke1 Bf8 48. Rd1 Kf7 49. Rd3 g4 50. Re4 Be7 51. Rxg4 Bf6 52. Rf4 Kg6 53.
Rfxf3 Rh8 54. h4 Re8+ 55. Rfe3 Rc8 56. Ke2 Rc2+ 57. Kf3 Bc3 58. d6 Rb2 59. d7
1-0

[Event "C.to Provinciale BG"]
[Site "Bergamo ITA"]
[Date "2002.11.08"]
[Round "5"]
[White "Bassis, Ivano"]
[Black "Sala, Giovanni"]
[Result "1-0"]
[WhiteElo "1768"]
[BlackElo "1600"]
[PlyCount "91"]
[EventDate "2002.10.04"]

1. e4 c5 2. Nf3 d6 3. d3 g6 4. g3 Bg7 5. Bg2 Nc6 6. O-O e6 7. c3 Nge7 8. Nbd2
d5 9. exd5 Nxd5 10. Re1 O-O 11. Nb3 b6 12. d4 cxd4 13. Nbxd4 Na5 14. Qe2 Nb7
15. Ne5 Bxe5 16. Qxe5 f6 17. Qe4 Nc5 18. Qf3 Nc7 19. Bh6 Bb7 20. Nc6 Bxc6 21.
Qxc6 Rf7 22. Rad1 Qe8 23. b4 N5a6 24. Rxe6 Nxe6 25. Qxa8 Qxa8 26. Bxa8 Rc7 27.
Rd6 Kf7 28. Bd5 Re7 29. Rd8 g5 30. Bf8 Re8 31. Rxe8 Kxe8 32. Bxe6 Kxf8 33. Bf5
h6 34. Kf1 Ke7 35. Ke2 Nc7 36. Kd3 Kd6 37. c4 Ke5 38. Bh3 Na6 39. a3 f5 40. Ke3
g4 41. Bg2 Nc7 42. f4+ Kd6 43. Bb7 Ne8 44. Kd4 Kc7 45. Bd5 Nd6 46. Ke5 1-0

[Event "C.to Provinciale BG"]
[Site "Bergamo ITA"]
[Date "2002.11.08"]
[Round "5"]
[White "Cammarota, Vittorio"]
[Black "Fiorona, Gianpietro"]
[Result "1-0"]
[WhiteElo "1687"]
[BlackElo "1585"]
[PlyCount "131"]
[EventDate "2002.10.04"]

1. e4 e6 2. d4 d5 3. Nc3 Nf6 4. Bg5 Be7 5. e5 Nfd7 6. Bxe7 Qxe7 7. f4 O-O 8.
Bd3 f6 9. Nf3 a6 10. O-O c5 11. Re1 f5 12. Qd2 cxd4 13. Nxd4 Nc6 14. Qf2 Nxd4
15. Qxd4 Qc5 16. Ne2 Qxd4+ 17. Nxd4 Nc5 18. Rac1 Bd7 19. b4 Nxd3 20. cxd3 Rac8
21. a3 Kf7 22. Kf2 Ke7 23. Ke3 Ba4 24. Kd2 h6 25. h4 h5 26. Rxc8 Rxc8 27. Rc1
Rxc1 28. Kxc1 Bd7 29. Kd2 Kd8 30. Kc3 Kc7 31. Kb3 b5 32. Kc3 Kb6 33. Nb3 Be8
34. Kd4 Bf7 35. Nd2 Be8 36. Nf3 Bd7 37. Ng5 Kc6 38. Nh7 Kb6 39. Nf8 Bc8 40. Ng6
Bd7 41. Ne7 Kb7 42. g3 Kb6 43. Nxf5 exf5 44. Kxd5 Kc7 45. Kc5 Be6 46. d4 Bc4
47. d5 Kd7 48. a4 Ke7 49. a5 g6 50. d6+ Kd7 51. Kb6 Bb3 52. Kxa6 Kc6 53. d7
Kxd7 54. Kxb5 Kc7 55. Kc5 Kb7 56. Kd6 Bc4 57. e6 Kc8 58. Ke7 Bb5 59. Kf6 Kd8
60. Kxg6 Bd3 61. Kxh5 Ke7 62. Kg5 Kxe6 63. Kg6 Be2 64. h5 Bb5 65. h6 Be8+ 66.
Kg7 1-0

[Event "C.to Provinciale BG"]
[Site "Bergamo ITA"]
[Date "2002.11.08"]
[Round "5"]
[White "Elitropi, Giorgio"]
[Black "Tentori, Giulio"]
[Result "1/2-1/2"]
[WhiteElo "1671"]
[BlackElo "1570"]
[PlyCount "56"]
[EventDate "2002.10.04"]

1. f4 e5 2. e4 d5 3. exd5 e4 4. d3 Nf6 5. dxe4 Nxe4 6. Nf3 Bc5 7. Qe2 Bf2+ 8.
Kd1 Qe7 9. Nfd2 Nxd2 10. Qxe7+ Kxe7 11. Bxd2 Rd8 12. Bc4 Nd7 13. Rf1 Nb6 14.
Bb3 Bc5 15. c4 Bf5 16. Na3 c6 17. Ba5 Bd4 18. Bb4+ Kf6 19. Rc1 Bxb2 20. Bc3+
Bxc3 21. Rxc3 cxd5 22. c5 Rac8 23. Ke2 Nc4 24. Nxc4 dxc4 25. Bxc4 Rxc5 26. Rfc1
Rdc8 27. Kd2 Rd8+ 28. Ke3 Ke7 1/2-1/2

[Event "C.to Provinciale BG"]
[Site "Bergamo ITA"]
[Date "2002.11.08"]
[Round "5"]
[White "Elsido, Massimo"]
[Black "Savoldelli, Dario"]
[Result "1-0"]
[WhiteElo "1585"]
[BlackElo "1800"]
[PlyCount "119"]
[EventDate "2002.10.04"]

1. e4 c5 2. c3 d5 3. exd5 Qxd5 4. d4 cxd4 5. cxd4 Nc6 6. Nf3 e6 7. Nc3 Bb4 8.
a3 Bxc3+ 9. bxc3 Nge7 10. Be2 Na5 11. O-O Ng6 12. Qa4+ Bd7 13. Qb4 Rc8 14. Bg5
f6 15. Be3 Rc7 16. Nd2 Nc6 17. Qb2 O-O 18. c4 Qf5 19. g4 Qa5 20. Nb3 Qa6 21.
Nc5 Qb6 22. Qa2 Nd8 23. Nxd7 Rxd7 24. d5 Qd6 25. dxe6 Qxe6 26. Bxa7 Qe4 27. f3
Qf4 28. Rad1 Rxd1 29. Rxd1 Nc6 30. Bf2 Nce5 31. Kg2 f5 32. Bg3 Qg5 33. c5+ Kh8
34. Qd2 f4 35. Bf2 h5 36. h3 Nh4+ 37. Bxh4 Qxh4 38. Qe1 Qe7 39. Qb4 Qh4 40. Qe1
Qe7 41. Rd5 g6 42. Bb5 Nc6 43. Qxe7 Nxe7 44. Rd7 Nc6 45. Bxc6 bxc6 46. Rd6 Ra8
47. Rxc6 Kg7 48. gxh5 gxh5 49. Re6 Rxa3 50. c6 Rc3 51. Re7+ Kf6 52. Rh7 Kg6 53.
Rc7 Kf6 54. Rc8 Kg7 55. c7 Kh7 56. Kf2 Rc2+ 57. Ke1 Rc3 58. Kd2 Rc6 59. Kd3
Rd6+ 60. Ke4 1-0

[Event "C.to Provinciale BG"]
[Site "Bergamo ITA"]
[Date "2002.11.08"]
[Round "5"]
[White "Gualdi, Paolo"]
[Black "D'Angheo, Savino"]
[Result "1-0"]
[WhiteElo "1413"]
[BlackElo "1500"]
[PlyCount "101"]
[EventDate "2002.10.04"]

1. e4 e6 2. d4 d5 3. e5 c5 4. c3 Nc6 5. Nf3 Bd7 6. Be2 Qb6 7. O-O Nge7 8. dxc5
Qc7 9. Na3 a6 10. Nd4 Ng6 11. f4 Bxc5 12. Nac2 O-O 13. b4 Ba7 14. Kh1 Nxd4 15.
cxd4 Rac8 16. Bd3 Ba4 17. Bb2 Bxc2 18. Qd2 Bxd3 19. Rac1 Qe7 20. Qxd3 Qxb4 21.
Ba3 Qxd4 22. Qxd4 Bxd4 23. Bxf8 Rxf8 24. Rc7 Rb8 25. g3 b5 26. Rd1 Bb6 27. Rc3
b4 28. Rb3 a5 29. a3 Bc5 30. axb4 Rxb4 31. Ra3 a4 32. Rda1 h5 33. Rxa4 Rxa4 34.
Rxa4 h4 35. Kg2 hxg3 36. hxg3 Ne7 37. g4 Be3 38. Kf3 d4 39. Ke4 Nd5 40. Ra8+
Kh7 41. f5 Nc3+ 42. Kd3 exf5 43. gxf5 Nd5 44. Rf8 Nf4+ 45. Ke4 d3 46. Kxe3 Nd5+
47. Kxd3 Ne7 48. Rxf7 Nc6 49. e6 Ne5+ 50. Ke4 Nxf7 51. exf7 1-0

[Event "C.to Provinciale BG"]
[Site "Bergamo ITA"]
[Date "2002.11.08"]
[Round "5"]
[White "Impellizzeri, Francesco"]
[Black "Stefanelli, Alfredo"]
[Result "0-1"]
[WhiteElo "1501"]
[BlackElo "1756"]
[PlyCount "80"]
[EventDate "2002.10.04"]

1. c4 Nf6 2. Nf3 g6 3. b3 Bg7 4. Bb2 d6 5. d4 O-O 6. e3 Nbd7 7. Be2 c6 8. O-O
Qc7 9. Nbd2 e5 10. Qc2 Re8 11. Rac1 Nf8 12. Qb1 a5 13. a3 Bg4 14. h3 Bc8 15.
Rfe1 h6 16. c5 dxc5 17. Nxe5 cxd4 18. exd4 Be6 19. Bc4 Nd5 20. Nf1 Rad8 21. Qe4
Qe7 22. Qc2 Qg5 23. Ng3 Nd7 24. Ne4 Qe7 25. Qd2 Nxe5 26. dxe5 Nb6 27. Nd6 Nxc4
28. bxc4 c5 29. Qxa5 b6 30. Qb5 Rf8 31. Bc3 Qg5 32. Kh2 Qf4+ 33. Kg1 Qg5 34.
Kf1 Qf4 35. Qxb6 Qh2 36. Qc6 h5 37. Qf3 Rxd6 38. Ba1 Rd2 39. g4 hxg4 40. hxg4
Rfd8 0-1

[Event "C.to Provinciale BG"]
[Site "Bergamo ITA"]
[Date "2002.11.08"]
[Round "5"]
[White "Mangili, Riccardo"]
[Black "Canova, Luca"]
[Result "0-1"]
[WhiteElo "1536"]
[BlackElo "1785"]
[PlyCount "62"]
[EventDate "2002.10.04"]

1. e4 e5 2. Nf3 Nc6 3. Nc3 Nf6 4. Bc4 Bc5 5. O-O d6 6. a3 Bg4 7. Be2 a5 8. d3
h6 9. Bd2 O-O 10. Rb1 Ne7 11. Nh4 Be6 12. Kh1 g5 13. Nf3 Ng6 14. Be1 g4 15. Ng1
Kg7 16. f3 h5 17. Bf2 Bxf2 18. Rxf2 Qd7 19. d4 c6 20. dxe5 dxe5 21. Qxd7 Nxd7
22. Bd3 Nc5 23. Rd1 b5 24. Rfd2 b4 25. axb4 axb4 26. Nce2 Ra2 27. Rb1 Rd8 28.
Nc1 Ra7 29. Rf2 b3 30. Bf1 Rd1 31. c3 Nf4 0-1